|
|
|
|
| LEADER |
00000cam a2200000 a 4500 |
| 001 |
UCE8194 |
| 003 |
CL-VaPUC |
| 008 |
150728e20090000sp |||||||||||||||||spa|d |
| 020 |
|
|
|a 9788497843256
|
| 082 |
0 |
4 |
|a 976.6
|b AUG
|2 21
|
| 100 |
0 |
|
|a Augé, Marc
|e author
|9 580930
|
| 245 |
1 |
0 |
|a Elogio de la bicicleta
|
| 250 |
|
|
|a 1a. ed
|
| 300 |
|
|
|a 107 p
|
| 942 |
|
|
|c BK
|
| 945 |
|
|
|d 20150728 02:04:00
|a gsalatino
|
| 260 |
|
|
|a Barcelona
|b Gedisa
|c 2009
|
| 650 |
|
0 |
|a Transporte urbano
|9 260307
|
| 650 |
|
7 |
|a CICLISMO
|2 CL-VaPUC
|9 308216
|
| 650 |
|
7 |
|a BICICLETAS
|2 CL-VaPUC
|9 308217
|
| 650 |
|
0 |
|a Transporte urbano
|9 260307
|
| 583 |
|
|
|a last modification
|c 20150728 02:04:00
|k Rodrigo Vera
|
| 999 |
|
|
|c 360133
|d 360131
|
| 952 |
|
|
|0 0
|1 0
|3 erb
|4 0
|6 976_600000000000000_AUG_2009
|7 0
|8 A
|9 469775
|a BIBING
|b BIBING
|i 5190827
|o 976.6 AUG 2009
|p 5190827
|r 2025-01-20
|w 2019-11-23
|y BK
|z Catalogado en:20150728
|k GEO
|